00000000nam 2200000zi 4500
0019.945299
003CaOODSP
00520241122135604
006m     o  d f      
007cr mn|||||||||
008241101e20241108onc     ob   f000 0 eng d
040 |aCaOODSP|beng|erda|cCaOODSP
043 |an-cn---
045 |ay2y2
0861 |aYN5-292/2024E-PDF
24500|aTrans Mountain Pipeline - 2024 report.
264 1|a[Ottawa] : |bOffice of the Parliamentary Budget Officer = Bureau du Directeur parlementaire du budget, |cNovember 8, 2024.
264 4|c©2024
300 |a1 online resource (9 pages)
336 |atext|btxt|2rdacontent
337 |acomputer|bc|2rdamedia
338 |aonline resource|bcr|2rdacarrier
500 |aIssued also in French under title: Réseau de pipelines Trans Mountain - rapport de 2024.
500 |a"RP-2425-021-S_e"--Back cover.
500 |a"T_RP_3.1.0e"--Back cover.
504 |aIncludes bibliographical references.
520 |a"The Parliamentary Budget Officer (PBO) supports Parliament by providing economic and financial analysis for the purposes of raising the quality of parliamentary debate and promoting greater budget transparency and accountability. In June 2022, PBO released a report assessing the Government of Canada's 2018 decision to acquire, expand, operate, and eventually divest of the Trans Mountain Pipeline system. Given that the Trans Mountain Expansion Pipeline began commercial operations on May 1st, 2024, this report provides a current financial valuation of the Trans Mountain Pipeline system and estimates the valuation's sensitivity to several key factors"--Verso of cover.
650 0|aPetroleum pipelines|xValuation|zCanada.
650 0|aPetroleum products pipelines|xValuation|zCanada.
7101 |aCanada. |bOffice of the Parliamentary Budget Officer, |eissuing body.
77508|tRéseau de pipelines Trans Mountain - rapport de 2024.|w(CaOODSP)9.945467
85640|qPDF|s6.74 MB|uhttps://publications.gc.ca/collections/collection_2024/dpb-pbo/YN5-292-2024-eng.pdf
8564 |qHTML|sN/A|uhttps://www.pbo-dpb.ca/en/publications/RP-2425-021-S--trans-mountain-pipeline-2024-report--reseau-pipelines-trans-mountain-rapport-2024